<?xml version="1.0" encoding="UTF-8"?>
<record
    xmlns:xsi="http://www.w3.org/2001/XMLSchema-instance"
    xsi:schemaLocation="http://www.loc.gov/MARC21/slim http://www.loc.gov/standards/marcxml/schema/MARC21slim.xsd"
    xmlns="http://www.loc.gov/MARC21/slim">

  <leader>00823nam a2200253 a 4500</leader>
  <controlfield tag="001">BRCA_5615</controlfield>
  <controlfield tag="005">20190320205143.0</controlfield>
  <controlfield tag="008">210211s1923----enka######---#001-0#eng-#</controlfield>
  <datafield tag="041" ind1=" " ind2=" ">
    <subfield code="a">eng</subfield>
  </datafield>
  <datafield tag="044" ind1=" " ind2=" ">
    <subfield code="a">enk</subfield>
  </datafield>
  <datafield tag="050" ind1=" " ind2="4">
    <subfield code="a">NK1444</subfield>
    <subfield code="b">.J68 1923</subfield>
  </datafield>
  <datafield tag="100" ind1="1" ind2=" ">
    <subfield code="a">Jourdain, M.</subfield>
    <subfield code="9">14310</subfield>
  </datafield>
  <datafield tag="245" ind1="1" ind2="0">
    <subfield code="a">English interiors in smaller houses, from the Restoration to the Regency, 1660-1830</subfield>
    <subfield code="c">by M. Jourdain.</subfield>
  </datafield>
  <datafield tag="260" ind1=" " ind2=" ">
    <subfield code="a">Londres</subfield>
    <subfield code="b">Strangeways</subfield>
    <subfield code="c">[1923?]</subfield>
  </datafield>
  <datafield tag="300" ind1=" " ind2=" ">
    <subfield code="a">202 p.</subfield>
    <subfield code="b">il., l&#xE1;minas</subfield>
    <subfield code="c">31 cm.</subfield>
  </datafield>
  <datafield tag="440" ind1=" " ind2="0">
    <subfield code="a">Batsford&#xB4;s library of decorative art</subfield>
    <subfield code="9">14311</subfield>
  </datafield>
  <datafield tag="500" ind1=" " ind2=" ">
    <subfield code="a">F93</subfield>
  </datafield>
  <datafield tag="650" ind1="1" ind2="4">
    <subfield code="a">Decoraci&#xF3;n y ornamentaci&#xF3;n</subfield>
    <subfield code="z">Inglaterra</subfield>
    <subfield code="9">14312</subfield>
  </datafield>
  <datafield tag="650" ind1="1" ind2="4">
    <subfield code="a">Arquitectura dom&#xE9;stica</subfield>
    <subfield code="z">Inglaterra</subfield>
    <subfield code="9">14313</subfield>
  </datafield>
  <datafield tag="650" ind1="1" ind2="4">
    <subfield code="a">Decoraci&#xF3;n y ornamentaci&#xF3;n</subfield>
    <subfield code="x">Historia</subfield>
    <subfield code="9">1924</subfield>
  </datafield>
  <datafield tag="650" ind1="1" ind2="4">
    <subfield code="a">Muebles ingleses</subfield>
    <subfield code="9">9632</subfield>
  </datafield>
  <datafield tag="902" ind1=" " ind2=" ">
    <subfield code="a">GFM</subfield>
  </datafield>
  <datafield tag="942" ind1=" " ind2=" ">
    <subfield code="2">lcc</subfield>
    <subfield code="c">B</subfield>
  </datafield>
  <datafield tag="999" ind1=" " ind2=" ">
    <subfield code="c">5309</subfield>
    <subfield code="d">5309</subfield>
  </datafield>
  <datafield tag="952" ind1=" " ind2=" ">
    <subfield code="0">0</subfield>
    <subfield code="1">0</subfield>
    <subfield code="4">0</subfield>
    <subfield code="7">0</subfield>
    <subfield code="a">BRCA</subfield>
    <subfield code="b">BRCA</subfield>
    <subfield code="d">2011-02-15</subfield>
    <subfield code="i">F93</subfield>
    <subfield code="l">0</subfield>
    <subfield code="o">NK1444 .J68 1923 (F93)</subfield>
    <subfield code="p">6051</subfield>
    <subfield code="r">2019-03-22 00:00:00</subfield>
    <subfield code="w">2019-03-22</subfield>
    <subfield code="y">B</subfield>
  </datafield>
</record>
